| 000 | 00877nam a22002297a 4500 | ||
|---|---|---|---|
| 005 | 20240530110917.0 | ||
| 008 | 220221s2008 ua c g b 000 0 ara d | ||
| 017 |
_bمصر. دار الكتب _a2005/20975 |
||
| 020 | _a9774080629 | ||
| 040 |
_aEG-CaGPL _cEG-CaGPL |
||
| 082 | 0 | 4 |
_221 _a332.4 / _bك ح |
| 100 | 1 | _aكويل ، برايان | |
| 245 | 1 | 2 |
_aالحماية من مخاطر العملة / _cكويل ، برايان ؛ اعداد قسم الترجمة بدار الفاروق |
| 260 |
_aالقاهرة : _bدار الفاروق للاستثمارات الثقافية، _c2008 |
||
| 300 |
_a192 ص؛ _c24 سم |
||
| 650 | 0 | 7 |
_aالعملة _2qrmak |
| 650 | 0 | 7 |
_aالاوراق المالية _2qrmak |
| 651 | _2qrmak | ||
| 710 | 0 |
_aقسم الترجمة بدار الفاروق _eمعد |
|
| 942 |
_2ddc _cBK |
||
| 999 |
_c66412 _d66412 |
||